000 00485nam a2200133Ia 4500
008 200925s9999 xx 000 0 und d
020 _a978-971-9654-42-1
100 _aPeñaflor Lito A.
245 _cLito A. Peñaflor, Karyl O. Peñaflor.--
_aLabor laws and social legislation /
250 _aFirst ed.
260 _aManila :
_bUnlimited Books Library Services & Publishing Inc.
_c2016
300 _axii , 457 pages :
_billustrations ;
_c25 cm.
650 _aLabor -- law and legislation
999 _c364501
_d364501